Normal view
MARC view
- Hussain , PC Wajahat, (TE-40)
Entry Personal Name
001 - CONTROL NUMBER
- control field: 131367
003 - CONTROL NUMBER IDENTIFIER
- control field: NUST
005 - DATE AND TIME OF LATEST TRANSACTION
- control field: 20251022103328.0
008 - FIXED-LENGTH DATA ELEMENTS
- fixed length control field: 251022|| aca||aabn | a|a d
040 ## - CATALOGING SOURCE
- Original cataloging agency: NUST
- Transcribing agency: NUST
100 ## - HEADING--PERSONAL NAME
- Personal name: Hussain , PC Wajahat, (TE-40)
670 ## - SOURCE DATA FOUND
- Source citation: Work cat.: (NUST)183541: Hussain , PC Wajahat, (TE-40), Real -time transmission of ECG signals using GPRS network for supervision of cardiac patients (the care through air) /, 2007
